000 01298cam a2200397 i 4500
999 _c115954
_d115954
001 21047910
003 BJBSDDR
005 20230411090745.0
006 a|||||r|||| 00| 0
007 ta
008 190527s2019 fr a b 000 0 fre
010 _a 2019422050
020 _a9782738148032 (paperback)
020 _a2738148034 (paperback)
040 _aDLC
_beng
_erda
_cDLC
041 _afre
042 _apcc
050 1 4 _aHG 3881
_bA792d 2019
100 1 _aArtus, Patrick,
_915748
_d1951-
245 1 0 _aDiscipliner la finance /
_cPatrick Artus.
264 1 _aParis :
_bOdile Jacob,
_c[2019]
300 _a196 pages :
_billustrations ;
_c22 cm
336 _atext
_btxt
_2rdacontent
337 _aunmediated
_bn
_2rdamedia
338 _avolume
_bnc
_2rdacarrier
504 _aIncludes bibliographical references.
650 0 _aInternational finance.
650 4 _aFinanzas internacionales
_92118
650 0 _aFinancial crises
_xPrevention.
650 4 _aCrisis financiera
_xPrevención
_922724
650 0 _aFinancial institutions
_xLaw and legislation.
650 4 _aInstituciones financieras
_xLegislación
_910076
906 _a7
_bcbc
_corigres
_d3
_encip
_f20
_gy-gencatlg
942 _2lcc
_cBK